000 00618nam a2200205Ia 4500
003 GCL
008 140319s9999 xx 000 0 ara d
040 _aGCL /
_cGCL
082 0 4 _a172.1
_bن د
100 1 _aنديم البيطار
245 1 0 _aدور النظريات الثورية /
_cنديم البيطار
260 _a[S.N] :
_bمعهد الانتماء العربى ،
_c1985
300 _a117 ص
490 _aالدراسات السياسية
_v0
650 0 4 _aالثورات
650 0 4 _aالسياسة
650 0 4 _aالوحدة العربية
650 0 4 _aالنظريات
942 _2ddc
_cBK
999 _c47606
_d47606